[Event "Cesme op-A 9th"]
[Site "Cesme"]
[Date "2023.06.24"]
[Round "8"]
[White "Tarhan, Adar"]
[Black "Karaoglan, Kivanc"]
[Result "1-0"]
[WhiteElo "2317"]
[BlackElo "2187"]
[PlyCount "137"]
[EventDate "2023.06.19"]
[EventType "swiss"]
[EventRounds "9"]
[EventCountry "TUR"]
[SourceTitle "CBM 214 Extra"]
[Source "ChessBase"]
[SourceDate "2023.07.31"]
[SourceVersion "1"]
[SourceVersionDate "2023.07.31"]
[SourceQuality "1"]

1. e4 e6 2. d4 d5 3. Nd2 c5 4. Ngf3 cxd4 5. exd5 Qxd5 6. Bc4 Qd8 7. 0-0 Nc6 8. Nb3 a6 9. Nbxd4 Nxd4 10. Nxd4 Qc7 11. Bb3 Bd6 12. h3 Ne7 13. c3 0-0 14. Re1 Bd7 15. Qh5 Qc5 16. Qxc5 Bxc5 17. Be3 Rac8 18. Rad1 Rfe8 19. Nc2 Bb5 20. a4 Bxe3 21. axb5 Bc5 22. bxa6 bxa6 23. Ba4 Red8 24. Kf1 Kf8 25. Bd7 Rb8 26. b4 Bb6 27. c4 Bc7 28. Ba4 Nf5 29. c5 Ne7 30. Rxd8+ Bxd8 31. Rd1 Nd5 32. Bc6 Nc3 33. Ra1 a5 34. bxa5 Be7 35. a6 Bxc5 36. a7 Bxa7 37. Rxa7 Rb1+ 38. Ne1 g6 39. Rd7 Rb6 40. Bf3 h5 41. Rd3 Na4 42. h4 Nc5 43. Rc3 Nd7 44. Nd3 Ke7 45. Bc6 Nf6 46. g3 Ng4 47. Bf3 f5 48. Bxg4 hxg4 49. Nf4 Kf6 50. Rc8 g5 51. hxg5+ Kxg5 52. Rh8 Ra6 53. Rf8 Ra1+ 54. Kg2 Ra6 55. Rg8+ Kf6 56. Rg6+ Ke5 57. Kf1 Rb6 58. Ke2 Ra6 59. Ke3 Ra3+ 60. Nd3+ Kd5 61. Rg8 Kd6 62. Kf4 Ke7 63. Ne5 Ra4+ 64. Kg5 Re4 65. Ng6+ Kd6 66. Rd8+ Kc5 67. Nf4 Kc4 68. Rd6 e5 69. Kxf5 1-0

[Event "TUR-chT 1st League"]
[Site "Konya"]
[Date "2022.08.28"]
[Round "9.6"]
[White "Abdisalimov, Abdimalik"]
[Black "Karaoglan, Kivanc"]
[Result "1-0"]
[WhiteElo "2437"]
[BlackElo "2192"]
[PlyCount "65"]
[EventDate "2022.08.22"]
[EventType "team-swiss"]
[EventRounds "9"]
[EventCountry "TUR"]
[SourceTitle "CBM 209 Extra"]
[Source "ChessBase"]
[SourceDate "2022.09.30"]
[SourceVersion "1"]
[SourceVersionDate "2022.09.30"]
[SourceQuality "1"]
[WhiteTeam "Varyant Genclik"]
[BlackTeam "Karsiyaka Ihtisas"]
[WhiteTeamCountry "TUR"]
[BlackTeamCountry "TUR"]

1. c4 e6 2. d4 Nf6 3. Nc3 Bb4 4. e3 c5 5. Nge2 d5 6. cxd5 exd5 7. a3 Bxc3+ 8. Nxc3 cxd4 9. exd4 h6 10. Bb5+ Nc6 11. 0-0 0-0 12. Bf4 Bf5 13. Na4 Rc8 14. Rc1 Ne4 15. f3 Nd6 16. Bxc6 Rxc6 17. Rxc6 bxc6 18. Bxd6 Qxd6 19. Re1 Qb8 20. Re5 Bg6 21. Qe2 f6 22. Re7 Re8 23. Rxe8+ Bxe8 24. Nc5 Bg6 25. g3 Kh7 26. b3 Qc7 27. Qe1 Qc8 28. Qe6 Qc7 29. Nd7 Bc2 30. Qe7 Qa5 31. Nxf6+ Kg6 32. Ne8 Qd2 33. Qxg7+ 1-0

[Event "TUR-chT 1st League"]
[Site "Konya"]
[Date "2022.08.25"]
[Round "5.8"]
[White "Abdulov, Orkhan Javanshir"]
[Black "Karaoglan, Kivanc"]
[Result "1-0"]
[WhiteElo "2384"]
[BlackElo "2192"]
[PlyCount "91"]
[EventDate "2022.08.22"]
[EventType "team-swiss"]
[EventRounds "9"]
[EventCountry "TUR"]
[SourceTitle "CBM 209 Extra"]
[Source "ChessBase"]
[SourceDate "2022.09.30"]
[SourceVersion "1"]
[SourceVersionDate "2022.09.30"]
[SourceQuality "1"]
[WhiteTeam "Ankara Dernegi"]
[BlackTeam "Karsiyaka Ihtisas"]
[WhiteTeamCountry "TUR"]
[BlackTeamCountry "TUR"]

1. e4 e6 2. d4 d5 3. e5 c5 4. c3 Nc6 5. Nf3 Qb6 6. a3 c4 7. Be2 Bd7 8. 0-0 0-0-0 9. Nbd2 Na5 10. Ng5 Nh6 11. Qe1 f6 12. Ngf3 Nf7 13. Bd1 Kb8 14. Qe3 fxe5 15. Nxe5 Nxe5 16. Qxe5+ Bd6 17. Qxg7 Rhg8 18. Qh6 Rg6 19. Qh4 Rdg8 20. g3 e5 21. Nf3 Nc6 22. dxe5 Nxe5 23. Nxe5 Bxe5 24. Bf4 Bxf4 25. Qxf4+ Ka8 26. Bh5 Rg5 27. Bf3 Qxb2 28. Bxd5 Rxd5 29. Qf7 Rdg5 30. Qxd7 Qxc3 31. Qxh7 Qf3 32. Rfe1 Rf8 33. Ra2 c3 34. Qd7 a6 35. Re3 Qf6 36. Qc7 Qf5 37. Rae2 Rgg8 38. Qxc3 Rc8 39. Qe5 Qh3 40. Qe6 Qh8 41. Kg2 Qa1 42. Rb3 Qd1 43. Reb2 Rge8 44. Qf7 Rb8 45. Rxb7 Rxb7 46. Qxb7# 1-0

[Event "TUR-chT 1st League"]
[Site "Konya"]
[Date "2022.08.24"]
[Round "4.6"]
[White "Karaoglan, Kivanc"]
[Black "Yagiz, Yasin Emrah"]
[Result "1-0"]
[WhiteElo "2192"]
[BlackElo "2214"]
[PlyCount "65"]
[EventDate "2022.08.22"]
[EventType "team-swiss"]
[EventRounds "9"]
[EventCountry "TUR"]
[SourceTitle "CBM 209 Extra"]
[Source "ChessBase"]
[SourceDate "2022.09.30"]
[SourceVersion "1"]
[SourceVersionDate "2022.09.30"]
[SourceQuality "1"]
[WhiteTeam "Karsiyaka Ihtisas"]
[BlackTeam "Bulancak Ihsaniye Genclik"]
[WhiteTeamCountry "TUR"]
[BlackTeamCountry "TUR"]

1. e4 e5 2. Nf3 Nc6 3. Nc3 Nf6 4. d4 Bb4 5. Nxe5 0-0 6. Qd3 Re8 7. Bd2 Nxe5 8. dxe5 Rxe5 9. 0-0-0 d6 10. f4 Re8 11. Re1 c6 12. Qg3 d5 13. e5 Bxc3 14. Bxc3 Ne4 15. Rxe4 dxe4 16. e6 g6 17. f5 b5 18. fxg6 hxg6 19. Qe5 f6 20. Qxe4 Kh7 21. Bd3 f5 22. Qe5 Re7 23. Bxf5 Qf8 24. Rf1 Bxe6 25. Bxg6+ Kxg6 26. Rf6+ Kh7 27. Qh5+ Kg8 28. Rxf8+ Kxf8 29. Qh8+ Bg8 30. Bb4 Rae8 31. Qf6+ Bf7 32. g4 a5 33. Bc5 1-0

[Event "Novi Sad TS Mix 158th"]
[Site "Novi Sad"]
[Date "2021.02.24"]
[Round "6"]
[White "Karaoglan, Kivanc"]
[Black "Gusev, Mikhail"]
[Result "1/2-1/2"]
[WhiteElo "2203"]
[BlackElo "1683"]
[PlyCount "174"]
[EventDate "2021.02.21"]
[EventType "swiss"]
[EventRounds "10"]
[EventCountry "SRB"]
[SourceTitle "CBM 200 Extra"]
[Source "ChessBase"]
[SourceDate "2021.03.31"]
[SourceVersion "1"]
[SourceVersionDate "2021.03.31"]
[SourceQuality "1"]

1. e4 e6 2. d4 d5 3. e5 c5 4. c3 Nc6 5. Nf3 Nge7 6. Be2 cxd4 7. cxd4 Nf5 8. Nc3 a6 9. 0-0 b5 10. Be3 Be7 11. Rc1 Bd7 12. Bd3 Nxe3 13. fxe3 0-0 14. a4 b4 15. Nb1 Na5 16. b3 Rc8 17. Nbd2 Qb6 18. Qe2 Rc3 19. h4 Nxb3 20. Nxb3 Rxb3 21. Bxh7+ Kxh7 22. Qc2+ Kg8 23. Qxb3 Qa5 24. Ra1 Rc8 25. Ng5 Bxg5 26. hxg5 Rc4 27. Qd1 Qd8 28. g6 fxg6 29. Qf3 Qe7 30. a5 Rc3 31. Rac1 Rxc1 32. Rxc1 b3 33. Qe2 Qa3 34. Rb1 Bb5 35. Qb2 Qxa5 36. Qxb3 Qd2 37. Qa3 Qe2 38. Qc1 Kh7 39. Qe1 Qg4 40. Qf2 Bd3 41. Re1 Be4 42. Qe2 Qg3 43. Ra1 a5 44. Qf2 Qg4 45. Rxa5 Qd1+ 46. Qf1 Qd2 47. Ra1 Qxe3+ 48. Qf2 Qg5 49. Rd1 Qg4 50. Rc1 Qg5 51. Rc3 Qg4 52. Kh2 Kg8 53. Rg3 Qh4+ 54. Kg1 Bf5 55. Qe3 Kh7 56. Rf3 Kg8 57. Rf4 Qh6 58. Qf3 g5 59. Rxf5 exf5 60. Qxd5+ Kh8 61. Qa8+ Kh7 62. Qc8 g6 63. Qc7+ Kg8 64. Qc4+ Kg7 65. d5 Qh4 66. Qc3 Qe4 67. d6 Kf7 68. Qc7+ Kg8 69. Qc8+ Kg7 70. Qc7+ Kg8 71. Qc3 Kf7 72. Qd2 Ke8 73. Qa5 Qe3+ 74. Kf1 Qd3+ 75. Kf2 Qd4+ 76. Ke2 Qe4+ 77. Kd1 Qd3+ 78. Kc1 Qf1+ 79. Kc2 Qxg2+ 80. Kb3 Qf3+ 81. Kc2 Qe2+ 82. Kb3 Qd3+ 83. Kb2 Qd4+ 84. Kc2 Qc4+ 85. Kb1 Qb3+ 86. Ka1 Qd1+ 87. Kb2 Qd4+ 1/2-1/2

[Event "Novi Sad TS Mix 158th"]
[Site "Novi Sad"]
[Date "2021.02.23"]
[Round "4"]
[White "Lazic, Miroljub"]
[Black "Karaoglan, Kivanc"]
[Result "1/2-1/2"]
[WhiteElo "2382"]
[BlackElo "2203"]
[PlyCount "66"]
[EventDate "2021.02.21"]
[EventType "swiss"]
[EventRounds "10"]
[EventCountry "SRB"]
[SourceTitle "CBM 200 Extra"]
[Source "ChessBase"]
[SourceDate "2021.03.31"]
[SourceVersion "1"]
[SourceVersionDate "2021.03.31"]
[SourceQuality "1"]

1. Nf3 d5 2. b3 Nf6 3. Bb2 Bf5 4. g3 e6 5. Bg2 h6 6. 0-0 Be7 7. d3 0-0 8. Nbd2 Bh7 9. c4 c6 10. a3 a5 11. Rc1 Nfd7 12. Rc2 Bf6 13. Qb1 Qe7 14. Bxf6 Nxf6 15. Qb2 Nbd7 16. Rfc1 Rfe8 17. b4 axb4 18. axb4 dxc4 19. Nxc4 Ra4 20. Rb1 Nd5 21. b5 Rb4 22. Qc1 cxb5 23. Na5 Rxb1 24. Qxb1 b4 25. Nxb7 Nc3 26. Qb2 e5 27. Na5 Qc5 28. Nb3 Qb6 29. Rc1 e4 30. dxe4 Bxe4 31. Nfd4 Nc5 32. Nxc5 Qxc5 33. e3 Bxg2 1/2-1/2

[Event "Novi Sad TS Mix 158th"]
[Site "Novi Sad"]
[Date "2021.02.22"]
[Round "3"]
[White "Makhija, Aashna"]
[Black "Karaoglan, Kivanc"]
[Result "0-1"]
[WhiteElo "1958"]
[BlackElo "2203"]
[PlyCount "116"]
[EventDate "2021.02.21"]
[EventType "swiss"]
[EventRounds "10"]
[EventCountry "SRB"]
[SourceTitle "CBM 200 Extra"]
[Source "ChessBase"]
[SourceDate "2021.03.31"]
[SourceVersion "1"]
[SourceVersionDate "2021.03.31"]
[SourceQuality "1"]

1. e4 e6 2. d4 d5 3. Nc3 Nf6 4. e5 Nfd7 5. f4 c5 6. Nf3 Nc6 7. Be3 a6 8. Qd2 b5 9. Nd1 Qb6 10. c3 a5 11. Bd3 b4 12. 0-0 bxc3 13. bxc3 cxd4 14. cxd4 Bb4 15. Qf2 Ba6 16. Bxa6 Qxa6 17. f5 exf5 18. Ng5 g6 19. e6 Nf6 20. exf7+ Kd7 21. Qf3 h6 22. Nh3 Ne7 23. Nf4 Ne4 24. Nf2 g5 25. N4d3 Bd6 26. Ne5+ Bxe5 27. dxe5 Ke6 28. g4 f4 29. Nxe4 dxe4 30. Qxe4 Qc6 31. Qd3 Qd5 32. Qxd5+ Nxd5 33. Bd4 Rhd8 34. Rac1 Ne7 35. Bc5 Kxf7 36. e6+ Kf6 37. Rfe1 Rac8 38. Ba3 Rxc1 39. Bxc1 Rb8 40. Bd2 Nd5 41. Bxa5 Ra8 42. e7 Nxe7 43. Bc3+ Kf7 44. Re2 Nd5 45. Be1 Ra3 46. Rb2 Ke6 47. Bb4 Ra4 48. Bf8 f3 49. h3 h5 50. gxh5 Rh4 51. h6 Rxh3 52. Rh2 Rxh2 53. Kxh2 Nf6 54. Kg3 g4 55. Bg7 Ne4+ 56. Kh2 g3+ 57. Kg1 f2+ 58. Kg2 Nd2 0-1

[Event "Novi Sad TS Mix 157th"]
[Site "Novi Sad"]
[Date "2021.02.19"]
[Round "10"]
[White "Milosevic, Milos"]
[Black "Karaoglan, Kivanc"]
[Result "1/2-1/2"]
[WhiteElo "2322"]
[BlackElo "2203"]
[PlyCount "164"]
[EventDate "2021.02.14"]
[EventType "swiss"]
[EventRounds "10"]
[EventCountry "SRB"]
[SourceTitle "CBM 200 Extra"]
[Source "ChessBase"]
[SourceDate "2021.03.31"]
[SourceVersion "1"]
[SourceVersionDate "2021.03.31"]
[SourceQuality "1"]

1. d4 Nf6 2. Nf3 d5 3. c4 e6 4. Nc3 dxc4 5. e4 b5 6. e5 Nd5 7. Nxb5 Nb6 8. Be2 Be7 9. 0-0 Bb7 10. Qd2 0-0 11. Qf4 Qd7 12. Nc3 Nc6 13. Qg4 f5 14. exf6 Bxf6 15. Be3 Rad8 16. Rfd1 e5 17. Qxd7 Rxd7 18. d5 Ne7 19. Bxb6 axb6 20. Bxc4 Kh8 21. Rd2 Rfd8 22. Rad1 Nf5 23. Re1 Nd6 24. Bb3 e4 25. Nxe4 Nxe4 26. Rxe4 h6 27. Ree2 Bxd5 28. Bxd5 Rxd5 29. b3 Kg8 30. g3 Kf7 31. Kg2 Rxd2 32. Nxd2 Rd3 33. Ne4 c5 34. f4 Rd1 35. h4 Rd3 36. Re1 Rd8 37. Kf3 Rd3+ 38. Ke2 Rd8 39. h5 Ra8 40. a4 Ke7 41. Rd1 Bd4 42. Kf3 Ke6 43. Rd2 Rb8 44. Rc2 Kd5 45. Rd2 Ke6 46. Rd3 b5 47. axb5 Rxb5 48. g4 Rb8 49. Ng3 Kd5 50. Nf5 Rb7 51. Ne3+ Ke6 52. Nf1 Kd5 53. Ng3 Ra7 54. Ne4 Ra1 55. Nc3+ Ke6 56. Nd1 Kd5 57. Ne3+ Ke6 58. Nc2 Rf1+ 59. Ke4 Rg1 60. Kf3 Rf1+ 61. Ke4 Rg1 62. Ne3 Bxe3 63. Rxe3 Rc1 64. Re2 Rc3 65. Re3 Rc1 66. Rd3 c4 67. bxc4 Rxc4+ 68. Rd4 Rc6 69. Ra4 Rb6 70. Kd4 Rd6+ 71. Kc5 Rd1 72. Ra6+ Kf7 73. Ra7+ Kf6 74. Ra6+ Kf7 75. Rg6 Rf1 76. f5 Rf2 77. Kd4 Ra2 78. Ke5 Ra5+ 79. Kf4 Ra4+ 80. Kg3 Ra3+ 81. Kh4 Ra4 82. Rb6 Rc4 1/2-1/2

[Event "Novi Sad TS Mix 157th"]
[Site "Novi Sad"]
[Date "2021.02.18"]
[Round "8"]
[White "Karaoglan, Kivanc"]
[Black "Debevec, Blaz"]
[Result "1/2-1/2"]
[WhiteElo "2203"]
[BlackElo "2149"]
[PlyCount "35"]
[EventDate "2021.02.14"]
[EventType "swiss"]
[EventRounds "10"]
[EventCountry "SRB"]
[SourceTitle "CBM 200 Extra"]
[Source "ChessBase"]
[SourceDate "2021.03.31"]
[SourceVersion "1"]
[SourceVersionDate "2021.03.31"]
[SourceQuality "1"]

1. e4 c5 2. Nf3 e6 3. d4 cxd4 4. Nxd4 Nf6 5. Nc3 Nc6 6. g3 Bb4 7. Bg2 d5 8. exd5 Nxd5 9. Nxc6 bxc6 10. 0-0 0-0 11. Ne2 Ba6 12. c3 Be7 13. Qc2 Bf6 14. Rd1 Qc7 15. Nf4 Rad8 16. Rb1 Qb6 17. Bd2 Be5 18. Nxd5 1/2-1/2

[Event "Novi Sad TS Mix 157th"]
[Site "Novi Sad"]
[Date "2021.02.17"]
[Round "7"]
[White "Gusev, Mikhail"]
[Black "Karaoglan, Kivanc"]
[Result "0-1"]
[WhiteElo "1683"]
[BlackElo "2203"]
[PlyCount "50"]
[EventDate "2021.02.14"]
[EventType "swiss"]
[EventRounds "10"]
[EventCountry "SRB"]
[SourceTitle "CBM 200 Extra"]
[Source "ChessBase"]
[SourceDate "2021.03.31"]
[SourceVersion "1"]
[SourceVersionDate "2021.03.31"]
[SourceQuality "1"]

1. e4 e6 2. d4 d5 3. Nc3 Bb4 4. Nge2 dxe4 5. a3 Be7 6. Nxe4 Nf6 7. Qd3 0-0 8. N2c3 Nc6 9. Be3 Nd5 10. Be2 f5 11. Nxd5 exd5 12. Nc3 f4 13. Bf3 fxe3 14. Bxd5+ Kh8 15. fxe3 Bg4 16. Be4 h6 17. Ne2 Bg5 18. Rf1 Qe7 19. Nc3 Rxf1+ 20. Kxf1 Rf8+ 21. Kg1 Qf6 22. Bxc6 Qf2+ 23. Kh1 bxc6 24. e4 Be3 25. e5 Bh3 0-1

[Event "Novi Sad TS Mix 157th"]
[Site "Novi Sad"]
[Date "2021.02.15"]
[Round "3"]
[White "Karaoglan, Kivanc"]
[Black "Vishwa, Vasnawala"]
[Result "1-0"]
[WhiteElo "2203"]
[BlackElo "2034"]
[PlyCount "73"]
[EventDate "2021.02.14"]
[EventType "swiss"]
[EventRounds "10"]
[EventCountry "SRB"]
[SourceTitle "CBM 200 Extra"]
[Source "ChessBase"]
[SourceDate "2021.03.31"]
[SourceVersion "1"]
[SourceVersionDate "2021.03.31"]
[SourceQuality "1"]

1. e4 c5 2. Nf3 d6 3. d4 cxd4 4. Nxd4 Nf6 5. Nc3 Nc6 6. Bg5 e6 7. Qd2 a6 8. 0-0-0 h6 9. Bf4 Bd7 10. Nxc6 Bxc6 11. f3 e5 12. Be3 b5 13. g4 Qa5 14. Kb1 Be7 15. h4 Rd8 16. Qf2 Nd7 17. Nd5 Bxd5 18. Rxd5 Rc8 19. Bh3 g5 20. Rhd1 Qc7 21. Bf1 Nf6 22. R5d2 Rg8 23. hxg5 hxg5 24. c4 b4 25. c5 dxc5 26. Bxa6 Ra8 27. Bc4 Rg6 28. Rc1 Ra5 29. Qe2 Qb6 30. Bb3 Nh7 31. Rd5 Bd6 32. Qf2 Nf8 33. Qd2 Nh7 34. Rd1 Ke7 35. Rxe5+ Kf8 36. Rf5 Ra7 37. e5 1-0

[Event "Novi Sad TS Mix 144th"]
[Site "Novi Sad"]
[Date "2020.11.09"]
[Round "2"]
[White "Naumkin, Igor"]
[Black "Karaoglan, Kivanc"]
[Result "0-1"]
[WhiteElo "2329"]
[BlackElo "2147"]
[PlyCount "64"]
[EventDate "2020.11.08"]
[EventType "swiss"]
[EventRounds "10"]
[EventCountry "SRB"]
[SourceTitle "CBM 199 Extra"]
[Source "ChessBase"]
[SourceDate "2021.01.31"]
[SourceVersion "1"]
[SourceVersionDate "2021.01.31"]
[SourceQuality "1"]

1. d4 Nf6 2. c4 e6 3. Nf3 d5 4. Nc3 dxc4 5. e3 a6 6. a4 b6 7. Bxc4 Bb7 8. 0-0 Nbd7 9. Qe2 c5 10. b3 cxd4 11. exd4 Bb4 12. Bb2 0-0 13. Rad1 Bxc3 14. Bxc3 Bd5 15. Bb4 Re8 16. Ne5 Qc8 17. f4 Qb7 18. f5 b5 19. axb5 axb5 20. Bd3 Bxb3 21. fxe6 Rxe6 22. Rd2 Bc4 23. Bxc4 bxc4 24. Qxc4 Rc8 25. Qb3 Nxe5 26. dxe5 Qb6+ 27. Kh1 Rxe5 28. Qh3 Rce8 29. Bd6 Re1 30. Qf3 Rxf1+ 31. Qxf1 Ne4 32. Qe1 Nf2+ 0-1

[Event "TUR Cup"]
[Site "Antalya"]
[Date "2020.01.30"]
[Round "8"]
[White "Karaoglan, Kivanc"]
[Black "Ozer, Omer Faruk"]
[Result "1-0"]
[WhiteElo "2123"]
[BlackElo "2338"]
[PlyCount "91"]
[EventDate "2020.01.26"]
[EventType "swiss"]
[EventRounds "11"]
[EventCountry "TUR"]
[SourceTitle "CBM 194 Extra"]
[Source "ChessBase"]
[SourceDate "2020.03.31"]
[SourceVersion "1"]
[SourceVersionDate "2020.03.31"]
[SourceQuality "1"]

1. e4 c5 2. Nf3 Nc6 3. Bb5 g6 4. Bxc6 bxc6 5. 0-0 Bg7 6. Re1 Nh6 7. c3 0-0 8. d4 cxd4 9. cxd4 f6 10. Nc3 Nf7 11. b3 d6 12. Bb2 Ba6 13. Qc2 Rc8 14. Rad1 Qb6 15. Na4 Qb8 16. e5 c5 17. e6 Nh6 18. dxc5 Bb7 19. Qe2 dxc5 20. Ba3 Ng4 21. Nxc5 Bxf3 22. Qxf3 Qxh2+ 23. Kf1 f5 24. Qh3 Qf4 25. Nd3 Qc7 26. Nc5 Qc6 27. Kg1 Rfd8 28. Nd7 Qc2 29. Qf3 Qxa2 30. Bxe7 Re8 31. Bc5 Qa5 32. b4 Qc7 33. g3 a6 34. e7 h5 35. Re6 Kh7 36. Nf8+ Rxf8 37. exf8Q Bxf8 38. Bxf8 Rxf8 39. Qc6 Qxc6 40. Rxc6 Rb8 41. Rb1 a5 42. b5 Ne5 43. Rc7+ Kh6 44. b6 a4 45. b7 a3 46. Ra1 1-0

[Event "TUR-chT 1st League"]
[Site "Konya"]
[Date "2019.07.23"]
[Round "3.6"]
[White "Daneshvar, Bardiya"]
[Black "Karaoglan, Kivanc"]
[Result "1-0"]
[WhiteElo "2301"]
[BlackElo "2062"]
[PlyCount "167"]
[EventDate "2019.07.22"]
[EventType "team-swiss"]
[EventRounds "9"]
[EventCountry "TUR"]
[SourceTitle "CBM 191 Extra"]
[Source "ChessBase"]
[SourceDate "2019.09.30"]
[SourceVersion "1"]
[SourceVersionDate "2019.09.30"]
[SourceQuality "1"]
[WhiteTeam "Genc Akademisyenler"]
[BlackTeam "Karsiyaka Ihtisas"]
[WhiteTeamCountry "TUR"]
[BlackTeamCountry "TUR"]

1. Nf3 Nf6 2. c4 e6 3. g3 d5 4. Bg2 c5 5. cxd5 exd5 6. d4 Nc6 7. 0-0 cxd4 8. Nxd4 Bc5 9. Nxc6 bxc6 10. Qc2 Qb6 11. Nc3 Be7 12. Be3 Qa6 13. Bd4 0-0 14. e4 dxe4 15. Nxe4 Bf5 16. Bxf6 Bxe4 17. Bxe4 Bxf6 18. Bxh7+ Kh8 19. Bd3 Qb6 20. Qe2 g6 21. Rab1 Rfe8 22. Qf3 Kg7 23. b3 Rad8 24. Rbd1 c5 25. Bc4 Rxd1 26. Rxd1 Re7 27. Rd2 Bd4 28. Kg2 a5 29. Bd5 Qf6 30. Qd1 Re5 31. Bf3 Qe7 32. h4 Re1 33. Qc2 Qe6 34. Re2 Rxe2 35. Bxe2 Qd5+ 36. Bf3 Qe6 37. Qd2 Qb6 38. h5 gxh5 39. Bxh5 Qf6 40. Bf3 Bc3 41. Qd3 Qe5 42. Be4 Qd4 43. Qf3 Be1 44. Bd5 Qf6 45. Qe3 Bb4 46. f4 Qb2+ 47. Kh3 Qc3 48. Qe2 Qf6 49. Qf3 Qh6+ 50. Kg2 Qf6 51. Bc4 Qb2+ 52. Kh3 Qf6 53. Qd5 Be1 54. Qxc5 Qc3 55. Qg5+ Kf8 56. Qd8+ Kg7 57. Qd3 Qxd3 58. Bxd3 Kf6 59. g4 Ke6 60. Bc4+ Kf6 61. Kg2 Ke7 62. g5 Bd2 63. Kf3 Bc1 64. Kg4 Bd2 65. f5 Bc1 66. f6+ Kf8 67. Kf5 Bd2 68. g6 fxg6+ 69. Kxg6 Bc3 70. Kf5 Bb2 71. Ke6 Bd4 72. f7 Bc3 73. Kd7 Be1 74. Kc6 Bc3 75. Kb5 Bb4 76. a3 Bxa3 77. Kxa5 Bb2 78. b4 Ba3 79. b5 Ke7 80. Bd5 Kd7 81. b6 Bf8 82. Kb5 Be7 83. Kc4 Bd6 84. Kd3 1-0